| 000 | 00907nam a22002055i 4500 | ||
|---|---|---|---|
| 001 | 172963 | ||
| 003 | ES-MaACL | ||
| 005 | 20250903011205.0 | ||
| 008 | 090921m18411844sp |||| | spa d | ||
| 080 | _a51(075.8) | ||
| 100 | 1 |
_aVallejo, José Mariano, _d1779-1846 _9139765 |
|
| 245 | 1 | 0 |
_aTratado elemental de matemáticas _b: escrito de órden de S. M. para uso de los caballeros seminaristas del Seminario de Nobles de Madrid y demás casas de educación del reino / _cpor José Mariano Vallejo. |
| 250 | _a4ª ed., corr. y aum. | ||
| 260 |
_aMadrid : _b[s.n.], _c1841 ( _fImpr. Garrasayaza) |
||
| 300 |
_a2 v. : _bil. ; _c21 cm. |
||
| 505 | 8 | _aContiene: T.I, parte 1ª: Aritmética y álgebra. T.I., parte 2ª: Geometría, trigonometría rectilínea y geometría práctica. | |
| 650 | 0 | 7 |
_aMatemáticas _2embne _914814 |
| 852 |
_aES-MaACL _jB-404-05 _9R.145205 |
||
| 999 |
_c172963 _d172963 |
||